[Event "Minsk op"]
[Site "Minsk"]
[Date "2023.11.07"]
[Round "5"]
[White "Kramich, Aliaksei"]
[Black "Khalifman, Alexander"]
[Result "1/2-1/2"]
[WhiteElo "2043"]
[BlackElo "2608"]
[PlyCount "64"]
[EventDate "2023.11.03"]
[EventType "swiss"]
[EventRounds "9"]
[EventCountry "BLR"]
[SourceTitle "CB46_2023"]
[SourceDate "2023.11.15"]
[SourceVersion "1"]
[SourceVersionDate "2023.11.15"]
[SourceQuality "1"]

1. e4 c6 2. d4 d5 3. exd5 cxd5 4. Bd3 Nf6 5. c3 Bg4 6. Qb3 Qc7 7. h3 Bd7 8. Ne2 Nc6 9. Bf4 e5 10. dxe5 Nxe5 11. Bb5 0-0-0 12. Bxd7+ Rxd7 13. 0-0 Bc5 14. Na3 Re8 15. Rad1 Qb6 16. Nd4 Qxb3 17. axb3 Nc6 18. Nac2 Bxd4 19. Nxd4 Nxd4 20. Rxd4 Re2 21. Rd2 Rde7 22. Rfd1 Re1+ 23. Kh2 Rxd1 24. Rxd1 Re2 25. Rd2 Rxd2 26. Bxd2 Ne4 27. Be3 b6 28. Kg1 Kb7 29. Kf1 a5 30. c4 dxc4 31. bxc4 Nd6 32. Bd4 g6 1/2-1/2

[Event "Minsk op"]
[Site "Minsk"]
[Date "2023.11.06"]
[Round "4"]
[White "Khalifman, Alexander"]
[Black "Fedorov, Alexei"]
[Result "1/2-1/2"]
[WhiteElo "2608"]
[BlackElo "2447"]
[PlyCount "50"]
[EventDate "2023.11.03"]
[EventType "swiss"]
[EventRounds "9"]
[EventCountry "BLR"]
[SourceTitle "CB46_2023"]
[SourceDate "2023.11.15"]
[SourceVersion "1"]
[SourceVersionDate "2023.11.15"]
[SourceQuality "1"]

1. e4 c5 2. Nf3 Nc6 3. d4 cxd4 4. Nxd4 Nf6 5. Nc3 e5 6. Ndb5 d6 7. Bg5 a6 8. Na3 b5 9. Nd5 Qa5+ 10. Bd2 Qd8 11. Bg5 Qa5+ 12. Bd2 Qd8 13. Bg5 Be7 14. Bxf6 Bxf6 15. c3 Rb8 16. Nc2 Bg5 17. a4 bxa4 18. Ncb4 Nxb4 19. cxb4 0-0 20. Rxa4 a5 21. b5 Bd7 22. Nc3 d5 23. Nxd5 Bxb5 24. Bxb5 Rxb5 25. 0-0 Rxb2 1/2-1/2

[Event "Minsk op"]
[Site "Minsk"]
[Date "2023.11.05"]
[Round "3"]
[White "Hryharovich, Aliaksei"]
[Black "Khalifman, Alexander"]
[Result "0-1"]
[WhiteElo "2250"]
[BlackElo "2608"]
[PlyCount "86"]
[EventDate "2023.11.03"]
[EventType "swiss"]
[EventRounds "9"]
[EventCountry "BLR"]
[SourceTitle "CB46_2023"]
[SourceDate "2023.11.15"]
[SourceVersion "1"]
[SourceVersionDate "2023.11.15"]
[SourceQuality "1"]

1. d4 Nf6 2. Nf3 g6 3. Bf4 Bg7 4. c3 d6 5. h3 0-0 6. e3 Nfd7 7. Be2 e5 8. Bh2 Nc6 9. 0-0 f5 10. c4 exd4 11. Nxd4 Nxd4 12. exd4 Nb8 13. Nc3 Nc6 14. Nb5 a6 15. d5 Ne5 16. Nd4 Qf6 17. Rc1 f4 18. b3 Bd7 19. Nf3 Rae8 20. Nxe5 Rxe5 21. Bg4 Bxg4 22. Qxg4 h5 23. Qf3 Qe7 24. Kh1 Qe8 25. Qd3 g5 26. f3 Re3 27. Qd1 Rf7 28. Bg1 Re2 29. Rc2 Rfe7 30. Rxe2 Rxe2 31. Bd4 b6 32. Bxg7 Kxg7 33. Qd4+ Qe5 34. Qxe5+ Rxe5 35. Kg1 Kf6 36. Kf2 a5 37. Rd1 Re3 38. Rd2 Ke5 39. Rd1 h4 40. Rd2 a4 41. b4 a3 42. c5 bxc5 43. bxc5 dxc5 0-1

[Event "St Petersburg Blechzin Memorial"]
[Site "St Petersburg"]
[Date "2021.04.14"]
[Round "5"]
[White "Levin, Evgeny A"]
[Black "Khalifman, Alexander"]
[Result "1-0"]
[WhiteElo "2502"]
[BlackElo "2608"]
[PlyCount "125"]
[EventDate "2021.04.13"]
[EventType "tourn (rapid)"]
[EventRounds "9"]
[EventCountry "RUS"]
[EventCategory "13"]
[SourceTitle "CBM 201 Extra"]
[Source "ChessBase"]
[SourceDate "2021.05.31"]
[SourceVersion "1"]
[SourceVersionDate "2021.05.31"]
[SourceQuality "1"]

1. d4 Nf6 2. c4 e6 3. Nc3 Bb4 4. e3 c5 5. Nf3 0-0 6. Bd2 d5 7. a3 Bxc3 8. Bxc3 Ne4 9. Rc1 Nxc3 10. Rxc3 cxd4 11. Nxd4 b6 12. cxd5 Qxd5 13. Be2 e5 14. Nb5 Qxd1+ 15. Bxd1 a5 16. Bf3 Ra6 17. 0-0 Bd7 18. Nc7 Ra7 19. Nd5 b5 20. Rfc1 Rd8 21. Nb6 Be6 22. Rc5 b4 23. Rxe5 Nd7 24. Rd1 Kf8 25. Rb5 Ke7 26. Nd5+ Bxd5 27. Rdxd5 bxa3 28. bxa3 Rc8 29. h3 Rc3 30. a4 Rc4 31. Rd4 Rxd4 32. exd4 Nf6 33. Kf1 Ne8 34. Ke2 Nd6 35. Rc5 Kd7 36. Kd3 Ra6 37. Bd5 h6 38. f4 Ra7 39. Bc6+ Ke7 40. g4 Ra6 41. d5 Kd8 42. Bb5 Ra7 43. Kd4 Re7 44. Bd3 Nb7 45. Rc6 Re1 46. Ba6 Rb1 47. Bxb7 Rxb7 48. Ra6 Rb4+ 49. Ke5 Rxa4 50. Kd6 Kc8 51. f5 Kb7 52. Rc6 h5 53. Rc7+ Kb6 54. g5 f6 55. g6 Rf4 56. Rxg7 Rxf5 57. Rg8 Kb7 58. Ke6 Re5+ 59. Kxf6 Rxd5 60. Re8 Rd6+ 61. Kg5 Rd3 62. h4 Rg3+ 63. Kh6 1-0

[Event "EU-ch rapid"]
[Site "Tallinn"]
[Date "2019.12.05"]
[Round "6"]
[White "Mickevicius, Juras"]
[Black "Khalifman, Alexander"]
[Result "1-0"]
[WhiteElo "2288"]
[BlackElo "2577"]
[PlyCount "76"]
[EventDate "2019.12.05"]
[EventType "swiss"]
[EventRounds "13"]
[EventCountry "EST"]
[SourceTitle "CBM 193 Extra"]
[Source "ChessBase"]
[SourceDate "2020.01.31"]
[SourceVersion "1"]
[SourceVersionDate "2020.01.31"]
[SourceQuality "1"]

1. d4 g6 2. c4 Bg7 3. Nf3 Nf6 4. g3 c5 5. d5 b5 6. cxb5 a6 7. bxa6 d6 8. Nc3 Bxa6 9. Bg2 Nbd7 10. Rb1 0-0 11. 0-0 Qa5 12. Bd2 Rfb8 13. b3 Qa3 14. Ne1 Bb7 15. Nc2 Qa6 16. a4 Ne8 17. Nb5 Qb6 18. Nca3 Qd8 19. e4 Nc7 20. Re1 Nxb5 21. Nxb5 Ba6 22. Bf1 Rc8 23. Bc4 Ne5 24. Kg2 Qd7 25. h3 f5 26. f4 Nxc4 27. bxc4 e6 28. Qc2 Re8 29. Kh2 Bc8 30. Bc3 fxe4 31. Bxg7 Kxg7 32. Rxe4 e5 33. g4 exf4 34. Qb2+ Kh6 35. Rxe8 Qxe8 36. Nc7 Qe3 37. Nxa8 Kg5 38. Rg1 Kh4 1-0

[Event "Puhajarve rap op 20th"]
[Site "Puhajarve"]
[Date "2019.11.30"]
[Round "14"]
[White "Blomqvist, Erik"]
[Black "Khalifman, Alexander"]
[Result "1/2-1/2"]
[WhiteElo "2523"]
[BlackElo "2608"]
[PlyCount "34"]
[EventDate "2019.11.29"]
[EventType "tourn (rapid)"]
[EventRounds "35"]
[EventCountry "EST"]
[SourceTitle "CBM 193 Extra"]
[Source "ChessBase"]
[SourceDate "2020.01.31"]
[SourceVersion "1"]
[SourceVersionDate "2020.01.31"]
[SourceQuality "1"]

1. e4 c6 2. d4 d5 3. exd5 cxd5 4. Bd3 Nf6 5. c3 Bg4 6. Qb3 Qc7 7. h3 Bh5 8. Be3 e6 9. Nd2 Nc6 10. Ngf3 Bd6 11. 0-0 0-0 12. Rfe1 a6 13. Rac1 Bg6 14. Bxg6 hxg6 15. Qd1 b5 16. Qe2 Na5 17. Nb3 Nc4 1/2-1/2

[Event "Chigorin Memorial 27th"]
[Site "St Petersburg"]
[Date "2019.10.12"]
[Round "8"]
[White "Shubin, Kirill"]
[Black "Khalifman, Alexander"]
[Result "1/2-1/2"]
[WhiteElo "2416"]
[BlackElo "2614"]
[PlyCount "54"]
[EventDate "2019.10.05"]
[EventType "swiss"]
[EventRounds "9"]
[EventCountry "RUS"]
[SourceTitle "EXT 2020"]
[Source "ChessBase"]
[SourceDate "2019.10.17"]
[SourceVersion "1"]
[SourceVersionDate "2019.10.17"]
[SourceQuality "1"]

1. e4 e5 2. Nf3 Nc6 3. Bb5 a6 4. Ba4 Nf6 5. 0-0 Be7 6. Re1 b5 7. Bb3 0-0 8. d3 d6 9. c3 Na5 10. Bc2 c5 11. Nbd2 Nc6 12. Nf1 Re8 13. a4 Bd7 14. Ne3 h6 15. h3 Rc8 16. Nh2 Be6 17. Nhg4 Nxg4 18. hxg4 Bg5 19. axb5 axb5 20. Bb3 Bxe3 21. Bxe3 Qd7 22. Bxe6 Qxe6 23. Ra6 b4 24. c4 Nb8 25. Ra5 Nc6 26. Ra6 Nb8 27. Ra5 Nc6 1/2-1/2

[Event "Chigorin Memorial 27th"]
[Site "St Petersburg"]
[Date "2019.10.10"]
[Round "6"]
[White "Mikaelyan, Arman"]
[Black "Khalifman, Alexander"]
[Result "0-1"]
[WhiteElo "2479"]
[BlackElo "2614"]
[PlyCount "110"]
[EventDate "2019.10.05"]
[EventType "swiss"]
[EventRounds "9"]
[EventCountry "RUS"]
[SourceTitle "EXT 2020"]
[Source "ChessBase"]
[SourceDate "2019.10.17"]
[SourceVersion "1"]
[SourceVersionDate "2019.10.17"]
[SourceQuality "1"]

1. e4 c6 2. d4 d5 3. exd5 cxd5 4. Bd3 Nf6 5. c3 Bg4 6. Qb3 Qc7 7. Ne2 Bxe2 8. Bxe2 e6 9. Be3 Bd6 10. Nd2 0-0 11. g3 Nc6 12. 0-0 h6 13. Qd1 a6 14. Bd3 b5 15. Rc1 e5 16. dxe5 Nxe5 17. Bf5 Rfe8 18. Bd4 Bc5 19. Re1 Qd6 20. Nb3 Bxd4 21. Nxd4 g6 22. Bh3 Kg7 23. Rc2 b4 24. Rce2 bxc3 25. bxc3 Nc4 26. Rxe8 Rxe8 27. Rxe8 Nxe8 28. Bf1 Qa3 29. Qb3 Qc1 30. Qc2 Qxc2 31. Nxc2 a5 32. Bg2 Nc7 33. f4 Kf6 34. Kf2 Ke6 35. Nd4+ Kd6 36. Ke2 Kc5 37. h4 Ne8 38. h5 gxh5 39. Nf5 Ncd6 40. Nxh6 Nf6 41. Kd3 Nfe4 42. Bxe4 dxe4+ 43. Ke2 Kc4 44. Kd2 a4 45. g4 h4 46. g5 h3 47. Ng4 Nf5 48. Ne5+ Kd5 49. Ng4 Kc5 50. Nh2 Kc4 51. Ng4 e3+ 52. Kc2 a3 53. Nh2 Ng3 54. Nf3 Ne4 55. f5 Nxg5 0-1

[Event "Riga Tal Memorial rapid"]
[Site "Riga"]
[Date "2019.07.17"]
[Round "8"]
[White "Khalifman, Alexander"]
[Black "Berzinsh, Roland"]
[Result "1/2-1/2"]
[WhiteElo "2614"]
[BlackElo "2386"]
[PlyCount "37"]
[EventDate "2019.07.16"]
[EventType "swiss (rapid)"]
[EventRounds "11"]
[EventCountry "LAT"]
[SourceTitle "CBM 191 Extra"]
[Source "ChessBase"]
[SourceDate "2019.09.30"]
[SourceVersion "1"]
[SourceVersionDate "2019.09.30"]
[SourceQuality "1"]

1. d4 d5 2. c4 dxc4 3. e4 Nc6 4. Nf3 Bg4 5. d5 Ne5 6. Bf4 Ng6 7. Be3 e5 8. Bxc4 Nf6 9. Nc3 Nh4 10. Rg1 a6 11. Bg5 Ng6 12. h3 Bd7 13. Nh4 Nxh4 14. Bxh4 Be7 15. g4 b5 16. Bb3 b4 17. Bxf6 Bxf6 18. Na4 Bg5 19. Nc5 1/2-1/2

[Event "Sochi Archibald op 1st"]
[Site "Sochi"]
[Date "2019.05.16"]
[Round "6"]
[White "Khalifman, Alexander"]
[Black "Volkov, Sergey"]
[Result "1/2-1/2"]
[WhiteElo "2616"]
[BlackElo "2572"]
[PlyCount "60"]
[EventDate "2019.05.12"]
[EventType "swiss"]
[EventRounds "9"]
[EventCountry "RUS"]
[SourceTitle "CBM 190 Extra"]
[Source "ChessBase"]
[SourceDate "2019.07.15"]
[SourceVersion "1"]
[SourceVersionDate "2019.07.15"]
[SourceQuality "1"]

1. d4 d5 2. c4 c6 3. Nf3 Nf6 4. Nc3 a6 5. e3 b5 6. b3 Bg4 7. Be2 Nbd7 8. h3 Bf5 9. Ne5 Nxe5 10. dxe5 Nd7 11. cxd5 cxd5 12. g4 Bg6 13. Nxd5 e6 14. Nf4 Bb4+ 15. Bd2 Bxd2+ 16. Qxd2 Nxe5 17. Qc3 Qf6 18. Rc1 0-0 19. 0-0 Rfd8 20. Kg2 Rab8 21. Rfd1 Be4+ 22. Kg3 g6 23. Rxd8+ Rxd8 24. Rd1 Rxd1 25. Bxd1 h5 26. gxh5 g5 27. Ng2 Bf3 28. Qd4 Kg7 29. Ne1 Bxd1 30. Qxd1 Kh6 1/2-1/2

[Event "LTU-chT"]
[Site "Lithuania"]
[Date "2019.03.31"]
[Round "5.1"]
[White "Khalifman, Alexander"]
[Black "Grybas, Gintaras"]
[Result "1-0"]
[WhiteElo "2617"]
[BlackElo "1988"]
[PlyCount "66"]
[EventDate "2019.01.26"]
[EventType "team-swiss"]
[EventRounds "7"]
[EventCountry "LTU"]
[SourceTitle "CBM 189 Extra"]
[Source "ChessBase"]
[SourceDate "2019.06.03"]
[SourceVersion "1"]
[SourceVersionDate "2019.06.03"]
[SourceQuality "1"]
[WhiteTeam "Kaunas Ezerelio"]
[BlackTeam "Vilnius LASF"]
[WhiteTeamCountry "LTU"]
[BlackTeamCountry "LTU"]

1. d4 Nf6 2. c4 e6 3. g3 d5 4. Bg2 Be7 5. Nf3 0-0 6. 0-0 Nbd7 7. Qc2 b6 8. cxd5 Nxd5 9. e4 Nb4 10. Qb3 a5 11. a3 Na6 12. Nc3 Bb7 13. Rd1 Nf6 14. Qc2 c6 15. h4 b5 16. e5 Ne8 17. Ng5 Bxg5 18. hxg5 Nac7 19. Ne4 Nd5 20. Nc5 Qc7 21. Bd2 g6 22. Rac1 Rc8 23. Bxa5 Qxa5 24. Nxb7 Qa7 25. Bxd5 exd5 26. Nc5 Ng7 27. Rd3 Ne6 28. Qd2 Qe7 29. Nxe6 Qxe6 30. Rdc3 Rc7 31. b4 Ra8 32. Qf4 Ra6 33. Kg2 Kg7 1-0

[Event "Puhajarve rap op 19th"]
[Site "Puhajarve"]
[Date "2018.11.25"]
[Round "32"]
[White "Khalifman, Alexander"]
[Black "Kiik, Kalle"]
[Result "1/2-1/2"]
[WhiteElo "2617"]
[BlackElo "2411"]
[PlyCount "40"]
[EventDate "2018.11.23"]
[EventType "tourn (rapid)"]
[EventRounds "35"]
[EventCountry "EST"]
[SourceTitle "CBM 187 Extra"]
[Source "ChessBase"]
[SourceDate "2018.11.04"]
[SourceVersion "1"]
[SourceVersionDate "2018.11.04"]
[SourceQuality "1"]

1. d4 d5 2. c4 e6 3. Nf3 c5 4. g3 Nc6 5. Bg2 Nf6 6. 0-0 Be7 7. dxc5 Bxc5 8. a3 a5 9. cxd5 exd5 10. Bg5 Be7 11. Nc3 Be6 12. Nd4 h6 13. Nxe6 fxe6 14. Bxf6 Bxf6 15. e4 d4 16. Qh5+ Ke7 17. Ne2 Qb6 18. Nf4 Rhe8 19. Ng6+ Kd6 20. Rad1 e5 1/2-1/2

[Event "EU-Cup 34th"]
[Site "Porto Carras"]
[Date "2018.10.14"]
[Round "3.1"]
[White "Petenyi, Tamas"]
[Black "Khalifman, Alexander"]
[Result "1/2-1/2"]
[WhiteElo "2444"]
[BlackElo "2617"]
[PlyCount "38"]
[EventDate "2018.10.12"]
[EventType "team-swiss"]
[EventRounds "7"]
[EventCountry "GRE"]
[SourceTitle "CBM 187"]
[Source "ChessBase"]
[SourceDate "2018.12.11"]
[SourceVersion "1"]
[SourceVersionDate "2018.12.11"]
[SourceQuality "1"]
[WhiteTeam "Dunajska Streda"]
[BlackTeam "Overtime"]
[WhiteTeamCountry "SVK"]
[BlackTeamCountry "LTU"]

1. e4 c5 2. b3 g6 3. Bb2 Nf6 4. Bxf6 exf6 5. Nc3 Bg7 6. g3 0-0 7. Bg2 Nc6 8. Nge2 d6 9. 0-0 f5 10. exf5 Bxf5 11. Rc1 Qa5 12. a4 Rae8 13. Nd5 Qd8 14. Ne3 Bc8 15. c3 Kh8 16. Nf4 Bh6 17. Nfd5 Bg7 18. Nf4 Bh6 19. Nfd5 Bg7 1/2-1/2

[Event "EU-Cup 34th"]
[Site "Porto Carras"]
[Date "2018.10.12"]
[Round "1.1"]
[White "Schmidt, Martin1111"]
[Black "Khalifman, Alexander"]
[Result "0-1"]
[WhiteElo "2028"]
[BlackElo "2617"]
[PlyCount "56"]
[EventDate "2018.10.12"]
[EventType "team-swiss"]
[EventRounds "7"]
[EventCountry "GRE"]
[SourceTitle "CBM 187"]
[Source "ChessBase"]
[SourceDate "2018.12.11"]
[SourceVersion "1"]
[SourceVersionDate "2018.12.11"]
[SourceQuality "1"]
[WhiteTeam "Dublin"]
[BlackTeam "Overtime"]
[WhiteTeamCountry "IRL"]
[BlackTeamCountry "LTU"]

1. e4 c5 2. Nf3 Nc6 3. d4 cxd4 4. Nxd4 g6 5. Nc3 Bg7 6. Be3 Nf6 7. Bc4 Qa5 8. 0-0 0-0 9. Nb3 Qc7 10. Be2 d6 11. a3 Be6 12. Nd5 Bxd5 13. exd5 Ne5 14. Bd4 Rac8 15. Rc1 Bh6 16. f4 Nxd5 17. fxe5 dxe5 18. Bf2 Rfd8 19. Bd3 Bxc1 20. Qxc1 Nf4 21. Qe3 Nxd3 22. cxd3 Qb6 23. d4 Rc2 24. Qf3 Rxb2 25. Nc5 Rb1 26. dxe5 Rxf1+ 27. Kxf1 Qb1+ 28. Be1 Qb5+ 0-1

[Event "EU-ch 19th"]
[Site "Batumi"]
[Date "2018.03.27"]
[Round "10"]
[White "Baron, Tal"]
[Black "Khalifman, Alexander"]
[Result "1/2-1/2"]
[WhiteElo "2529"]
[BlackElo "2614"]
[PlyCount "25"]
[EventDate "2018.03.17"]
[EventType "swiss"]
[EventRounds "11"]
[EventCountry "GEO"]
[SourceTitle "CBM 184"]
[Source "ChessBase"]
[SourceDate "2018.05.16"]
[SourceVersion "1"]
[SourceVersionDate "2018.05.16"]
[SourceQuality "1"]

1. e4 c6 2. d4 d5 3. Nd2 dxe4 4. Nxe4 Bf5 5. Ng3 Bg6 6. h4 h6 7. Nf3 e6 8. Ne5 Bh7 9. Bd3 Bxd3 10. Qxd3 Nd7 11. f4 Be7 12. Nf3 Ngf6 13. Bd2 1/2-1/2

[Event "EU-ch 19th"]
[Site "Batumi"]
[Date "2018.03.25"]
[Round "8"]
[White "Mikaelyan, Arman"]
[Black "Khalifman, Alexander"]
[Result "1/2-1/2"]
[WhiteElo "2486"]
[BlackElo "2614"]
[PlyCount "160"]
[EventDate "2018.03.17"]
[EventType "swiss"]
[EventRounds "11"]
[EventCountry "GEO"]
[SourceTitle "CBM 184"]
[Source "ChessBase"]
[SourceDate "2018.05.16"]
[SourceVersion "1"]
[SourceVersionDate "2018.05.16"]
[SourceQuality "1"]

1. d4 d5 2. c4 c6 3. Nc3 Nf6 4. Nf3 a6 5. c5 Bf5 6. Bf4 Nbd7 7. e3 Nh5 8. Be5 f6 9. Bg3 Nxg3 10. hxg3 Bg6 11. Bd3 Bxd3 12. Qxd3 g6 13. e4 e6 14. 0-0-0 Kf7 15. g4 Bg7 16. Rde1 b6 17. Qe3 Re8 18. Rxh7 Nf8 19. Rh3 bxc5 20. dxc5 Kg8 21. g5 f5 22. e5 Qa5 23. Nd2 Nd7 24. Nb3 Qb4 25. f4 a5 26. Rd1 Qc4 27. Qf2 Reb8 28. Rd4 Qa6 29. Na4 Rb4 30. Rxb4 axb4 31. Nb6 Nxb6 32. cxb6 Rb8 33. Kb1 Qxb6 34. Qxb6 Rxb6 35. Nc5 Kf7 36. Rh7 Kg8 37. Rh3 Kf7 38. a4 bxa3 39. Rxa3 Bf8 40. Ra7+ Be7 41. Nb7 Ke8 42. Nd6+ Bxd6 43. exd6 Rb4 44. g3 Rb3 45. Re7+ Kd8 46. Rxe6 Rxg3 47. Rxg6 Kd7 48. Rf6 d4 49. Rxf5 Kxd6 50. b4 Rg4 51. Kc2 Ke6 52. Rc5 Kd6 53. Rf5 Ke6 54. Rf6+ Kd5 55. g6 Rg2+ 56. Kd3 Rg3+ 57. Kd2 Ke4 58. f5 Rg2+ 59. Ke1 d3 60. Rxc6 Kxf5 61. b5 Ke4 62. b6 d2+ 63. Kd1 Kd3 64. Rd6+ Kc3 65. Rc6+ Kd3 66. Rd6+ Kc3 67. b7 Rg1+ 68. Ke2 Re1+ 69. Kf3 Re8 70. Kf4 Kc2 71. Rc6+ Kd3 72. Rd6+ Kc2 73. Kf5 d1Q 74. Rxd1 Kxd1 75. g7 Kd2 76. Kf6 Rb8 77. Ke6 Ke3 78. Kd6 Rg8 79. Kc7 Rxg7+ 80. Kb6 Rxb7+ 1/2-1/2

[Event "EU-ch 19th"]
[Site "Batumi"]
[Date "2018.03.21"]
[Round "5"]
[White "Khalifman, Alexander"]
[Black "Bellaiche, Antony"]
[Result "1/2-1/2"]
[WhiteElo "2614"]
[BlackElo "2485"]
[PlyCount "132"]
[EventDate "2018.03.17"]
[EventType "swiss"]
[EventRounds "11"]
[EventCountry "GEO"]
[SourceTitle "CBM 184"]
[Source "ChessBase"]
[SourceDate "2018.05.16"]
[SourceVersion "1"]
[SourceVersionDate "2018.05.16"]
[SourceQuality "1"]

1. e4 c5 2. Nf3 e6 3. d4 cxd4 4. Nxd4 Nc6 5. Nc3 Qc7 6. g3 a6 7. Bg2 Nge7 8. a4 Nxd4 9. Qxd4 Nc6 10. Qc4 Be7 11. 0-0 0-0 12. Be3 Qa5 13. f4 d6 14. Rad1 Bd7 15. Qb3 Qb4 16. Qxb4 Nxb4 17. Bc5 Nxc2 18. e5 dxc5 19. Rxd7 Rfe8 20. Rxb7 Rab8 21. Rf2 Nb4 22. Rd2 Rxb7 23. Bxb7 Rb8 24. Be4 Rd8 25. Rxd8+ Bxd8 26. Kf2 f6 27. exf6 Bxf6 28. Ke2 Kf7 29. Kd2 h6 30. b3 Ke7 31. Bf3 Kd7 32. Ne4 Bd4 33. Be2 a5 34. Bb5+ Ke7 35. Ke2 Nd5 36. Nd2 Nb6 37. Kd3 Kd6 38. Ke4 Bc3 39. Nf3 Nd5 40. Bc4 Nf6+ 41. Kd3 Bb4 42. Ba6 Ng4 43. Bb7 Kc7 44. Ba8 Kb8 45. Bc6 Kc7 46. Be8 Nf2+ 47. Ke2 Ng4 48. Bh5 Nf6 49. Bg6 Ng4 50. Kd3 Kd6 51. Kc4 e5 52. Kb5 exf4 53. gxf4 Kd5 54. h4 Kd6 55. h5 Bc3 56. Nh4 Ne3 57. Be4 Bb4 58. Ng6 Nd1 59. Bf3 Nc3+ 60. Kc4 Nb1 61. Kd3 Nd2 62. Bd1 Nf1 63. Ne5 Nd2 64. Ng4 Nf1 65. Nf2 Nd2 66. Ng4 Kd5 1/2-1/2

[Event "EU-ch 19th"]
[Site "Batumi"]
[Date "2018.03.20"]
[Round "4"]
[White "Hakobyan, Aram"]
[Black "Khalifman, Alexander"]
[Result "1/2-1/2"]
[WhiteElo "2497"]
[BlackElo "2614"]
[PlyCount "39"]
[EventDate "2018.03.17"]
[EventType "swiss"]
[EventRounds "11"]
[EventCountry "GEO"]
[SourceTitle "CBM 184"]
[Source "ChessBase"]
[SourceDate "2018.05.16"]
[SourceVersion "1"]
[SourceVersionDate "2018.05.16"]
[SourceQuality "1"]

1. d4 d5 2. c4 e6 3. Nc3 a6 4. cxd5 exd5 5. Nf3 c6 6. e4 dxe4 7. Ng5 Be7 8. Bc4 Bxg5 9. Qh5 Be7 10. Qxf7+ Kd7 11. Be6+ Kc7 12. Bf4+ Kb6 13. d5 Bxe6 14. Qxe6 Bg5 15. dxc6 Nxc6 16. Nd5+ Ka7 17. Bc7 Qf8 18. Bb6+ Kb8 19. Bc7+ Ka7 20. Bb6+ 1/2-1/2